Analýza povinnosti overenia účtovnej závierky podnikateľských subjektov adítorom

Charakteristika vývoja auditu a jeho význam. Analýza povinnosti auditu účtovnej závierky podnikateľských subjektov.

Gespeichert in:
Bibliographische Detailangaben
1. Verfasser: Suhányiová, Alžbeta
Weitere Verfasser: Ferenčíková, Lenka
Format: Buchkapitel
Sprache:Slowakisch
Schlagworte:
Tags: Tag hinzufügen
Keine Tags, Fügen Sie das erste Tag hinzu!

MARC

LEADER 00000naa a2200000 4500
001 0175528
005 20231211131607.6
041 0 |a slo 
044 |a SK 
245 1 0 |a Analýza povinnosti overenia účtovnej závierky podnikateľských subjektov adítorom  |c Alžbeta Suhányiová, Lenka Ferenčíková 
520 |a Charakteristika vývoja auditu a jeho význam. Analýza povinnosti auditu účtovnej závierky podnikateľských subjektov. 
610 2 0 |a audit 
610 2 0 |a audítori 
610 2 0 |a informácie účtovné 
610 2 0 |a podnikatelia 
610 2 0 |a závierka účtovná 
100 1 |a Suhányiová, Alžbeta 
700 1 |a Ferenčíková, Lenka